भारतेंद्रु हरिश्चंद्र ग्रंथावली / (Record no. 53480)

MARC details
000 -LEADER
fixed length control field 00640nam a2200193Ia 4500
005 - DATE AND TIME OF LATEST TRANSACTION
control field 20260429112323.0
008 - FIXED-LENGTH DATA ELEMENTS--GENERAL INFORMATION
fixed length control field 260429s9999||||xx |||||||||||||| ||und||
020 ## - INTERNATIONAL STANDARD BOOK NUMBER
International Standard Book Number 8177143123
041 ## - LANGUAGE CODE
Language Hindi
082 ## - DEWEY DECIMAL CLASSIFICATION NUMBER
Classification number 891.432
Item number SIN
100 ## - MAIN ENTRY--PERSONAL NAME
Personal name सिंह, ओमप्रकाश
245 #0 - TITLE STATEMENT
Title भारतेंद्रु हरिश्चंद्र ग्रंथावली /
Statement of responsibility, etc ओमप्रकाश सिंह
250 ## - EDITION STATEMENT
Edition statement rep.
260 ## - PUBLICATION, DISTRIBUTION, ETC. (IMPRINT)
Place of publication, distribution, etc नई दिल्ली :
Name of publisher, distributor, etc प्रकाशन संस्थान,
Date of publication, distribution, etc 2022.
300 ## - PHYSICAL DESCRIPTION
Extent 451 p.; hb
440 ## - SERIES STATEMENT/ADDED ENTRY--TITLE
Volume number/sequential designation Vol. 2
650 ## - SUBJECT ADDED ENTRY--TOPICAL TERM
Topical term or geographic name as entry element Hindi Literature
942 ## - ADDED ENTRY ELEMENTS (KOHA)
Koha item type Text Books
Holdings
Withdrawn status Lost status Damaged status Not for loan Collection code Home library Location Shelving location Date of Cataloging Source of acquisition Total Checkouts Full call number Barcode Date last seen Price effective from Koha item type
        Non-fiction CUTN Central Library CUTN Central Library Literature 29/04/2026 Segment Book Distributors, New Delhi - Invoice No. 71458 on 09-02-2026   891.432 SIN 58224 29/04/2026 29/04/2026 Text Books